1170 1107 1988 1298 1656 1362 1391 1697 1998 1935 1841 1990 1859 1733 1410 1994 1239 1554 1911 1590 1615 1100 1015 1795 1610 1928 1048 1516 1631 1254 1037 1622 1349 1504 1028 1827 1046 1651 1724 1073 1175 1785 1918 1130 1549 1589 1633 1863 1386 1242 1460 1059 1996 1568 1155 1052 1643 1554 1137 1108 1068 1273 1908 1683 1503 1709 1994 1470 1478 1708 1681 1965 1597 1883 1203 1421 1688 1973 1832 1889 1581 1298 1366 1564 1808 1477 1031 1811 1961 1362 1685 1435 1478 1968 1064 1645 1454 1221 1712 BCNSPRNW ULIB Ver.6.0+V

เปลี่ยนเป็นภาษาไทย

Change to English
 แสดงรายละเอียดบรรณานุกรม
  กลับหน้าหลัก

Brief Record : Get Marc (ISO 2709) : E-mail record : QR code < ปิดหน้าต่าง
LEADER : 00000nam 2200000uu 4500
001    13399128910
003     ULIB
008    241028s2022||||th 000 0 tha d
020    ^a9780702083204
060 04 ^aWQ165^bM631M
100 1  ^aMichelle Anderson
245 00 ^aMidwifery essentials Perinatal Mental Health./^cMichelle Anderson
260    ^aAustralia :^bElsevier,^c2022
300    ^a205 p. : ^bill. ;^c19 cm.
650  2 ^aMidwifery
945    ^p612^l0^i011157
999    ^aประนอม เกษจรัล
รายการนี้ยังไม่มีแท็ก
คุณยังไม่ได้ล็อกอิน คุณสามารถมีกิจกรรมร่วมกับเว็บไซต์ได้ แต่ต้องล็อกอินก่อน ::
  ล็อกอิน

รายการสื่อสารสนเทศ

ลำดับที่ ประเภท เลขเรียก/บาร์โค้ด สถานที่ สถานะ
1. วิทยาศาสตร์การแพทย์ และสุขภาพ
หนังสือสำรอง
สถานะ=หนังสือสำรอง
WQ165 M631M ฉ.1 
  Barcode: 011157
ห้องสมุดวิทยาเขตสวรรค์ประชารักษ์
►หนังสือทั่วไป
บนชั้น

รายการใกล้เคียง
    หัวเรื่อง [Midwifery]

BibComment


ยังไม่เคยถูกคอมเมนท์

คอมเมนท์ทรัพยากรรายการนี้
  คอมเมนท์: Midwifery essent..


 Copyright 2026. Bcnsprnw @Library